000
00315nam a22001337a 4500
008
190304b xxu||||| |||| 00| 0 eng d
020
_a
9780071789233
041
_a
eng
080
_2
10th
_a
615
100
_a
5
101
_a
FAR
245
_a
Pharmacology Examination & Board Review
_c
Trevor,A.J
942
_2
udc
_c
BK
999
_c
54398
_d
54398